| 000 | 00830nam a2200265Ia 4500 | ||
|---|---|---|---|
| 003 | OSt | ||
| 005 | 20220924124305.0 | ||
| 006 | a|||||r|||| 00| 0 | ||
| 007 | ta | ||
| 008 | 220923b |||||||| |||| 00| 0 urd d | ||
| 020 | _a9789391511135 (pb) | ||
| 020 | _cINR 240.00 | ||
| 024 | _a354501 | ||
| 037 |
_bTB4993, 29/12/2021, Technical Bureau India Pvt. Ltd. _cTextual |
||
| 040 |
_aARTS _cARTS _burd |
||
| 041 |
_2urd _aurd |
||
| 082 | _aO168:gN, L3;R1 | ||
| 100 |
_aFaruqi Shamsur Rehman Au. _9195396 |
||
| 245 | 0 | _aSher ghir sher aur nasr | |
| 260 |
_aNew Delhi _b NCPUL India _c2021 |
||
| 300 |
_a533p. _ccm. |
||
| 650 | _aURDU LITERATURE | ||
| 942 |
_hO168:gN, L3;R1 _cTEXL _2CC |
||
| 999 |
_c419144 _d419144 |
||